[Event "Match"]
[Site "www.echecsemail.com"]
[Date "2018.09.28"]
[Round "1"]
[White "Deneb"]
[Black "Paco"]
[WhiteElo "1600"]
[BlackElo "1950"]
[Result "1-0"]
[Round "1"]
1.e4 e5
2.Ng1f3 Nb8c6
3.Bf1c4 Bf8c5
4.O-O Ng8f6
5.d3 d6
6.c3 a6
7.a4 Bc8g4
8.h3 Bg4xf3
9.Qd1xf3 Qd8e7
10.b4 Bc5a7
11.Nb1a3 O-O-O
12.a5 Qe7d7
13.Bc1d2 d5
14.exd5 e4
15.dxc6 Qd7xc6
16.Qf3f5 Qc6d7
17.Qf5xd7 Rd8xd7
18.d4 h6
19.b5 axb5
20.Na3xb5 Ba7b8
21.a6 bxa6
22.Ra1xa6 Kb7
23.Rf1b1 Kxa6
24.Nb5d6 Ka7
25.Rb1a1 Kb6
26.Ra1a6 
1-0

[Event "Tourn. n9932"]
[Site "www.echecsemail.com"]
[Date "2018.09.28"]
[Round "1"]
[White "Falcoale"]
[Black "Bira47"]
[WhiteElo "1930"]
[BlackElo "1980"]
[Result "0-1"]
[Round "1"]
1.e4 c5
2.Ng1f3 e6
3.d4 cxd4
4.Nf3xd4 a6
5.f4 b5
6.Bf1d3 Bc8b7
7.O-O Bf8c5
8.Bc1e3 Ng8f6
9.Rf1e1 Nf6xe4
10.Bd3xe4 d5
11.Be4d3 Qd8f6
12.c3 Nb8d7
13.Kh1 Ra8c8
14.Nb1d2 g6
15.Re1f1 O-O
16.Nd2f3 h6
17.Qd1d2 Qf6g7
18.f5 exf5
19.Be3xh6 Qg7f6
 { time }
0-1

[Event "Tourn. n9946"]
[Site "www.echecsemail.com"]
[Date "2018.09.28"]
[Round "1"]
[White "Falcoale"]
[Black "Libiesse"]
[WhiteElo "1950"]
[BlackElo "1920"]
[Result "0-1"]
[Round "1"]
1.e4 c5
2.Ng1f3 e6
3.b3 a6
4.Bc1b2 Nb8c6
5.c3 d5
6.e5 Qd8c7
7.d4 cxd4
8.cxd4 Ng8e7
 { time }
0-1

[Event "Tourn. n9899"]
[Site "www.echecsemail.com"]
[Date "2018.09.28"]
[Round "1"]
[White "Falcoale"]
[Black "Francesco"]
[WhiteElo "1930"]
[BlackElo "1840"]
[Result "0-1"]
[Round "1"]
1.e4 c6
2.d4 d5
3.e5 Bc8f5
4.Bf1d3 Bf5xd3
5.Qd1xd3 e6
6.Ng1f3 Nb8d7
7.O-O c5
8.c3 Ng8e7
9.Bc1g5 h6
10.Bg5h4 Qd8b6
11.b3 Ne7f5
12.Bh4g3 Nf5xg3
13.fxg3 Bf8e7
14.Nb1d2 O-O
15.Ra1b1 Ra8c8
16.Kh1 cxd4
17.cxd4 Be7b4
18.g4 Rc8c3
19.Qd3e2 Rf8c8
20.g5 h5
21.Qe2f2 Rc3c2
 { time }
0-1

[Event "Tourn. n9953"]
[Site "www.echecsemail.com"]
[Date "2018.09.28"]
[Round "1"]
[White "Apdash"]
[Black "Orhany24"]
[WhiteElo "2150"]
[BlackElo "2050"]
[Result "1-0"]
[Round "1"]
1.d4 Ng8f6
2.c4 d5
3.Nb1c3 Bc8f5
4.Bc1g5 e6
5.Ng1f3 Bf8e7
6.e3 O-O
7.cxd5 exd5
8.Qd1b3 b6
9.Nf3e5 h6
10.Bg5h4 Nf6e4
11.Bh4xe7 Qd8xe7
12.Qb3xd5 c6
13.Ne5xc6 Nb8xc6
14.Qd5xf5 Nc6b4
15.Qf5xe4 Qe7xe4
16.Nc3xe4 Nb4c2
17.Kd2 Nc2xa1
18.Bf1d3 f5
19.Ne4d6 f4
20.Rh1xa1 fxe3
21.Kxe3 Ra8d8
22.Bd3c4 Kh7
23.Nd6f7 Rd8e8
24.Nf7e5 { resign }
1-0

[Event "Tourn. n9890"]
[Site "www.echecsemail.com"]
[Date "2018.09.28"]
[Round "1"]
[White "Kevinking"]
[Black "Falcoale"]
[WhiteElo "1960"]
[BlackElo "1920"]
[Result "1-0"]
[Round "1"]
1.c4 Ng8f6
2.Nb1c3 a6
3.Ng1f3 d6
4.d4 e6
5.e4 b6
6.Bf1e2 Bc8b7
7.Be2d3 c5
8.d5 exd5
9.exd5 Bf8e7
10.O-O O-O
11.h3 Nf6d7
12.Bc1f4 Be7f6
13.Bf4xd6 Rf8e8
14.Bd6g3 Nd7e5
15.Nf3xe5 Bf6xe5
16.Bg3xe5 Re8xe5
17.Qd1c2 h6
18.Ra1e1 Nb8d7
19.f4 Re5xe1
20.Rf1xe1 Nd7f6
21.Qc2f2 Qd8d6
22.Nc3e4 Nf6xe4
23.Bd3xe4 Qd6f6
24.Be4b1  { time }
1-0

[Event "Tourn. n9898"]
[Site "www.echecsemail.com"]
[Date "2018.09.28"]
[Round "1"]
[White "Krystek23"]
[Black "Numanoid"]
[WhiteElo "2520"]
[BlackElo "2520"]
[Result "0-1"]
[Round "1"]
1.Ng1f3 b5
2.d4 Bc8b7
3.e3 a6
4.Bf1e2 Ng8f6
5.O-O e6
6.b3 c5
7.Bc1b2 Bf8e7
8.dxc5 Be7xc5
9.Nb1d2 O-O
10.a3 d5
11.c4 bxc4
12.bxc4 Nb8d7
13.Ra1c1 Qd8e7
14.cxd5 Bb7xd5
15.a4 Rf8d8
16.a5 Ra8b8
17.Be2xa6 Rb8xb2
18.Ba6d3 e5
19.e4 Bd5a8
20.Rc1c4 Rb2a2
21.h3 Ra2xa5
22.Qd1c2 Ra5a3
23.Nd2b3 Bc5d6
24.Rc4c3 g6
25.Nb3d2 Ra3xc3
26.Qc2xc3 Bd6b4
27.Qc3c4 Bb4xd2
28.Nf3xd2 Nd7c5
29.Rf1a1 Nc5xd3
30.Ra1xa8 Rd8xa8
31.Qc4xd3 Ra8d8
32.Qd3e3 Kg7
33.Kh2 Rd8d4
34.Qe3c3 Nf6xe4
35.Nd2xe4 Rd4xe4
36.f3 Re4f4
37.Qc3e1 e4
38.Qe1e3 Rf4f6
39.Qe3xe4 Qe7xe4
40.fxe4 Rf6e6
{ resign }
0-1

[Event "Tourn. n9955"]
[Site "www.echecsemail.com"]
[Date "2018.09.28"]
[Round "1"]
[White "Coolant"]
[Black "Add"]
[WhiteElo "2290"]
[BlackElo "2240"]
[Result "1-0"]
[Round "1"]
1.c4 Nb8c6
2.d4 d5
3.Ng1f3 h6
4.cxd5 Qd8xd5
5.Nb1c3 Qd5d8
6.d5 Nc6b8
7.e4 a6
8.Bc1f4 Bc8d7
9.Bf1d3 c6
10.Qd1b3 b5
11.a4 e6
12.axb5 cxb5
13.Nc3xb5 exd5
14.Nb5c7 { resign }
1-0

[Event "Tourn. n9835"]
[Site "www.echecsemail.com"]
[Date "2018.09.28"]
[Round "1"]
[White "Ditto"]
[Black "Iko"]
[WhiteElo "1820"]
[BlackElo "1710"]
[Result "1-0"]
[Round "1"]
1.e4 e5
2.Ng1f3 Nb8c6
3.Bf1b5 Ng8e7
4.d3 a6
5.Bb5a4 b5
6.Ba4b3 a5
7.c3 Bc8a6
8.O-O Ne7g6
9.Bc1e3 Bf8d6
10.Bb3d5 O-O
11.Nb1d2 b4
12.c4 Qd8f6
13.Be3g5 Qf6xg5
14.Nf3xg5 h6
15.Ng5f3 Ra8e8
16.Qd1a4 Re8a8
17.Bd5xc6 dxc6
18.Qa4xc6 Ng6e7
19.Qc6a4 Ne7g6
20.Ra1c1 Ng6f4
21.Nf3e1 Ba6b7
22.Nd2f3 Nf4e2
23.Kh1 Ne2xc1
24.Ne1c2 Nc1xd3
25.b3 Bb7xe4
26.Nf3d2 Nd3xf2
27.Kg1 Nf2g4
28.Nd2xe4 f5
29.Ne4g3 f4
30.Ng3e4 Rf8f5
31.Qa4c6 Ra8d8
32.Qc6d5 Kh7
33.Ne4xd6 Rd8xd6
34.Qd5e4 g6
35.Nc2e1 Rd6d2
36.Ne1c2 Ng4f6
37.Qe4c6 Rd2xc2
38.Qc6xc7 Kh8
39.Qc7d8 Nf6g8
40.Qd8xa5 e4
41.Qa5a6 Ng8e7
42.Qa6e6 Ne7g8
43.Qe6xg6 Rf5g5
44.Qg6xe4 Rg5g4
45.Qe4xc2 Ng8f6
46.Qc2b2 Kg7
47.Qb2e5 h5
48.h3 Rg4h4
49.Qe5g5 Kf7
50.Qg5xh4 f3
51.Rf1xf3 Kg8
52.Qh4g5 Kf7
53.Qg5xf6 Ke8
54.Qf6g7 h4
55.Rf3f8 
1-0

[Event "Fast Game"]
[Site "www.echecsemail.com"]
[Date "2018.09.28"]
[Round "1"]
[White "Hennie4820"]
[Black "Zack1984"]
[WhiteElo "1680"]
[BlackElo "1700"]
[Result "0-1"]
[Round "1"]
1.e4 Ng8f6
2.e5 Nf6d5
3.d4 d6
4.c4 Nd5b6
5.f4 Bc8f5
6.Bc1e3 dxe5
7.fxe5 e6
8.Nb1c3 Bf8b4
9.Ra1c1 c5
10.a3 Qd8h4
11.g3 Qh4e4
12.Qd1f3 cxd4
13.Qf3xe4 Bb4xc3
14.bxc3 Bf5xe4
{ resign }
0-1

[Event "Match"]
[Site "www.echecsemail.com"]
[Date "2018.09.29"]
[Round "1"]
[White "Alekpax"]
[Black "Trisomie73"]
[WhiteElo "2520"]
[BlackElo "1809"]
[Result "1-0"]
[Round "1"]
1.e4 e5
2.Ng1f3 Nb8c6
3.Bf1b5 Ng8f6
4.O-O Nf6xe4
5.d4 Ne4d6
6.Bb5xc6 dxc6
7.dxe5 Nd6f5
8.Qd1xd8 Kxd8
9.Rf1d1 Ke8
10.Nb1c3 Bf8e7
11.h3 h5
12.Nc3e4 Bc8e6
13.Nf3g5 Be6d5
14.b3 b5
15.Ne4c3 Ra8d8
16.Bc1f4 Rd8d7
17.Kf1  { time }
1-0

[Event "Tourn. n9935"]
[Site "www.echecsemail.com"]
[Date "2018.09.29"]
[Round "1"]
[White "Picifarkinca"]
[Black "Hansen"]
[WhiteElo "1450"]
[BlackElo "1580"]
[Result "1-0"]
[Round "1"]
1.d4 e6
2.e4 Qd8h4
3.Bf1d3 h6
4.Ng1f3 Qh4f6
5.e5 Qf6e7
6.O-O g5
7.c4 g4
8.Nf3d2 Nb8c6
9.Nd2b3 h5
10.Bc1f4 a5
11.a4 Nc6b4
12.Bd3e4 d5
13.exd6 cxd6
14.Nb1c3 f5
15.Be4xf5 exf5
16.Rf1e1 Bc8e6
17.d5 Ra8c8
18.Re1xe6 Qe7xe6
19.dxe6 Rc8xc4
20.Bf4xd6 Bf8g7
21.Bd6xb4 axb4
22.Qd1d7 { resign }
1-0

[Event "Tourn. n9947"]
[Site "www.echecsemail.com"]
[Date "2018.09.29"]
[Round "1"]
[White "J1j6"]
[Black "Gandalf50"]
[WhiteElo "2050"]
[BlackElo "2150"]
[Result "0-1"]
[Round "1"]
1.Ng1f3 f5
2.c4 Ng8f6
3.e3 e6
4.d4 c6
5.Nb1c3 d5
6.c5 Bf8e7
7.h3 O-O
8.Bf1d3 b6
 { time }
0-1

[Event "Tourn. n9942"]
[Site "www.echecsemail.com"]
[Date "2018.09.29"]
[Round "1"]
[White "J1j6"]
[Black "Kuriero"]
[WhiteElo "2050"]
[BlackElo "2220"]
[Result "0-1"]
[Round "1"]
1.d4 Ng8f6
2.c4 g6
3.Nb1c3 Bf8g7
4.b4 O-O
5.Ng1f3 d5
6.c5 b6
7.Bc1b2 bxc5
8.bxc5 Nb8c6
9.e3 Ra8b8
10.Bb2c1 Bc8g4
 { time }
0-1

[Event "Tourn. n9930"]
[Site "www.echecsemail.com"]
[Date "2018.09.29"]
[Round "1"]
[White "J1j6"]
[Black "Fabos12"]
[WhiteElo "1880"]
[BlackElo "1930"]
[Result "0-1"]
[Round "1"]
1.Ng1f3 e6
2.e4 Nb8c6
3.b3 d5
4.exd5 exd5
5.Bc1b2 Ng8f6
6.Bf1b5 a6
7.Bb5d3 h6
8.O-O Bf8d6
9.Qd1e2 Bc8e6
10.Rf1e1 O-O
11.c4 d4
12.Nf3xd4 Bd6xh2
 { time }
0-1

[Event "1/2 Finale"]
[Site "www.chess-mail.com"]
[Date "2018.09.29"]
[Round "1"]
[White "Chessington"]
[Black "Vgrynyuk"]
[WhiteElo "2850"]
[BlackElo "2810"]
[Result "1/2-1/2"]
[Round "1"]
1.Ng1f3 Ng8f6
2.g3 d5
3.Bf1g2 c6
4.O-O Bc8g4
5.d3 Nb8d7
6.Nb1d2 e5
7.e4 Bf8e7
8.exd5 Nf6xd5
9.Nd2c4 f6
10.Rf1e1 O-O
11.d4 Rf8f7
12.a4 exd4
13.Qd1xd4 Bg4xf3
14.Bg2xf3 Be7c5
15.Qd4h4 Nd7e5
16.Bf3g2 Qd8f8
17.Bc1d2 Ra8d8
18.Re1e2 Ne5g6
19.Qh4h5 f5
20.Bd2g5 Nd5f6
21.Bg5xf6 Rf7xf6
22.Ra1f1 Qf8f7
23.Nc4d2 Bc5b6
24.a5 Bb6c7
25.b4 h6
26.c3 b6
27.axb6 Bc7xb6
28.Kh1 a5
29.Rf1c1 a4
30.c4 Bb6c7
31.Nd2f3 Rf6d6
32.Nf3g1 { draw }
1/2-1/2

[Event "1/128 Finale"]
[Site "www.chess-mail.com"]
[Date "2018.09.29"]
[Round "1"]
[White "Julian"]
[Black "Jaky09"]
[WhiteElo "1750"]
[BlackElo "1499"]
[Result "1-0"]
[Round "1"]
1.e4 e5
2.Ng1f3 Nb8c6
3.Nb1c3 Ng8f6
4.d4 exd4
5.Nf3xd4 Nc6xd4
6.Qd1xd4 Bf8e7
7.Bc1g5  { time }
1-0

[Event "Tourn. n9867"]
[Site "www.echecsemail.com"]
[Date "2018.09.30"]
[Round "1"]
[White "Julian"]
[Black "Libiesse"]
[WhiteElo "1820"]
[BlackElo "1950"]
[Result "1-0"]
[Round "1"]
1.e4 c5
2.Ng1f3 e6
3.Bf1c4 a6
4.O-O b5
5.Bc4e2 Bc8b7
6.d3 Nb8c6
7.c3 Qd8c7
8.Bc1e3 Ng8f6
9.Nb1d2 d6
10.h3 Bf8e7
11.Ra1c1 O-O
12.Rf1e1 d5
13.exd5 exd5
14.Nd2f1 Rf8e8
15.d4 c4
16.Nf1g3 Be7d6
17.Nf3e5 Nc6xe5
18.dxe5 Bd6xe5
19.Ng3f5 Ra8d8
20.Be2f3 Be5h2
21.Kf1 Bb7c8
22.Nf5g3 Bh2xg3
23.fxg3 Qc7xg3
24.Be3f2 Qg3d6
25.Re1xe8 Rd8xe8
26.Qd1d4 Bc8e6
27.Rc1e1 Nf6d7
28.g4 h6
29.Kg2 Nd7c5
30.Qd4xc5 { resign }
1-0

[Event "Tourn. n9943"]
[Site "www.echecsemail.com"]
[Date "2018.09.30"]
[Round "1"]
[White "Bojan"]
[Black "Falcoale"]
[WhiteElo "1930"]
[BlackElo "1920"]
[Result "1-0"]
[Round "1"]
1.e4 c5
2.Nb1c3 e6
3.Ng1f3 Nb8c6
4.b3 b6
5.d4 cxd4
6.Nf3xd4 Nc6xd4
7.Qd1xd4 Ng8f6
8.Bc1g5 Bf8e7
9.e5 Nf6d5
10.Bg5xe7 Nd5xe7
11.Qd4e4 Ra8b8
12.Nc3b5 O-O
13.Nb5d6  { time }
1-0

[Event "Tourn. n9958"]
[Site "www.echecsemail.com"]
[Date "2018.09.30"]
[Round "1"]
[White "Apdash"]
[Black "Fantomas"]
[WhiteElo "2210"]
[BlackElo "2120"]
[Result "0-1"]
[Round "1"]
1.e4 c5
2.Ng1f3 d6
3.d4 cxd4
4.Nf3xd4 Bc8d7
5.Nb1c3 a6
6.a4 Nb8c6
7.Bf1c4 e6
8.O-O Bf8e7
9.Bc1e3 Ng8f6
10.Nd4xc6 Bd7xc6
11.f3 O-O
12.Qd1e2 Qd8c7
13.a5 Ra8c8
14.Be3b6 Qc7b8
15.f4 Nf6d7
16.Bb6d4 Qb8c7
17.Qe2g4 Nd7f6
18.Bd4xf6 Be7xf6
19.Bc4d3 Bf6d4
20.Kh1 Bc6d7
21.Qg4h5 f6
22.Rf1f3 Bd7e8
23.Qh5h4 e5
24.Nc3d5 Qc7d8
25.c3 Bd4a7
26.Rf3h3 h6
27.Qh4g3 Kh7
28.Bd3e2 Qd8d7
29.Be2g4 Qd7d8
30.Bg4xc8 Qd8xc8
31.fxe5 fxe5
32.Nd5e7 Qc8c4
33.Ne7f5 Be8g6
34.Qg3d3 Qc4c5
35.Rh3g3 Rf8f7
36.b4 Qc5c6
37.Ra1e1 Ba7f2
38.Rg3xg6 Bf2xe1
39.Rg6xd6 Qc6xc3
40.Qd3xc3 Be1xc3
41.Rd6b6 g6
42.Nf5g3 Rf7d7
43.h4 Bc3e1
44.Kh2 h5
45.Rb6e6 Be1c3
46.Re6b6 Kg7
47.Kh3 Kf7
48.Ng3e2 Bc3d2
49.Ne2g1 Bd2e3
50.Ng1f3 Be3xb6
51.Nf3xe5 Ke7
52.Ne5xd7 Kxd7
53.axb6 Kc6
54.g4 Kxb6
55.gxh5 gxh5
56.Kg3 Kc6
57.Kf4 b6
58.Kf5 Kd7
59.e5 a5
60.Kf6 Ke8
61.Kg5 a4
62.Kxh5 a3
63.Kg6 a2
64.h5 a1Q
65.Kf6 Qa1f1
66.Kg5 Qf1f7
67.h6 Ke7
68.b5 Ke6
69.h7 Qf7xh7
{ resign }
0-1

[Event "Match"]
[Site "www.echecsemail.com"]
[Date "2018.09.30"]
[Round "1"]
[White "Ditto"]
[Black "Roque1"]
[WhiteElo "1880"]
[BlackElo "1730"]
[Result "0-1"]
[Round "1"]
1.e4 c5
2.Nb1c3 e6
3.Bf1b5 Bf8e7
4.d3 Ng8f6
5.Bc1f4 O-O
6.e5 Nf6e8
7.Ng1f3 Nb8c6
8.O-O d5
9.a3 Bc8d7
10.Rf1e1 a6
11.Bb5a4 b5
12.Ba4b3 c4
13.Bb3a2 f6
14.dxc4 bxc4
15.Ba2b1 fxe5
16.Bf4xe5 Ne8d6
17.Nc3a4 Nc6xe5
18.Re1xe5 Bd7xa4
19.Nf3d4 Nd6e4
20.Re5xe4 dxe4
21.Bb1a2 Qd8b6
22.Ra1b1 Ra8d8
23.b3 Rd8xd4
24.Qd1e2 cxb3
25.cxb3 Ba4b5
26.Qe2g4 e3
27.fxe3 Rd4xg4
28.Rb1e1 Rg4f4
29.g3 Rf4f1
{ resign }
0-1

[Event "Tourn. n9892"]
[Site "www.echecsemail.com"]
[Date "2018.09.30"]
[Round "1"]
[White "Cathar"]
[Black "Gvladutz"]
[WhiteElo "2420"]
[BlackElo "2480"]
[Result "0-1"]
[Round "1"]
1.e4 e5
2.Ng1f3 Nb8c6
3.Bf1c4 Bf8c5
4.b4 Bc5xb4
5.c3 Bb4c5
6.d4 exd4
7.cxd4 Bc5b6
8.O-O d6
9.d5 Nc6e7
10.e5 Ng8h6
11.exd6 Qd8xd6
12.Nb1c3 O-O
13.a4 Bc8g4
14.Bc1a3 Qd6f4
15.Bc4e2 Rf8e8
16.d6 Ra8d8
17.dxe7 Rd8xd1
18.Ra1xd1 c6
19.Rf1e1 Bg4xf3
20.Be2xf3 Nh6g4
21.Bf3xg4 Bb6xf2
22.Kh1 Bf2xe1
23.Rd1xe1 Qf4xg4
24.Nc3e4 b6
25.Ne4d6 Re8xe7
26.Re1xe7 Qg4d1
{ resign }
0-1

[Event "Match"]
[Site "www.echecsemail.com"]
[Date "2018.09.30"]
[Round "1"]
[White "J1j6"]
[Black "Dussek"]
[WhiteElo "2000"]
[BlackElo "1830"]
[Result "0-1"]
[Round "1"]
1.c4 c5
2.Nb1c3 Ng8f6
3.e3 d5
4.cxd5 Nf6xd5
5.Nc3xd5 Qd8xd5
6.Ng1f3 Bc8g4
7.Bf1e2 e6
8.Qd1a4 Nb8d7
9.e4 Qd5d6
10.e5 Qd6c7
11.Qa4xg4 g6
 { time }
0-1

[Event "Tourn. n9932"]
[Site "www.echecsemail.com"]
[Date "2018.09.30"]
[Round "1"]
[White "Fabos12"]
[Black "Falcoale"]
[WhiteElo "1930"]
[BlackElo "1920"]
[Result "1-0"]
[Round "1"]
1.d4 Ng8f6
2.Ng1f3 e6
3.c4 b6
4.Nb1c3 Bc8b7
5.Qd1c2 Bf8e7
6.e4 O-O
7.Bf1d3 h6
8.h3 d5
9.e5 dxc4
10.Bd3xc4 Nf6d5
11.Nc3xd5 exd5
12.Bc4d3  { time }
1-0

[Event "Match"]
[Site "www.echecsemail.com"]
[Date "2018.10.01"]
[Round "1"]
[White "Bjonil60"]
[Black "Apdash"]
[WhiteElo "1490"]
[BlackElo "2080"]
[Result "0-1"]
[Round "1"]
1.Nb1c3 e5
2.e3 d5
3.d3 Bc8e6
4.Qd1e2 Bf8e7
5.g3 c5
6.b3 d4
7.exd4 exd4
8.Nc3b1 Nb8c6
9.f3 Ng8f6
10.g4 Nf6d5
11.Bf1g2 Nc6b4
12.c3 Nd5xc3
13.Nb1xc3 dxc3
14.a3 Nb4xd3
15.Kf1 Be6xb3
16.Ra1b1 Bb3c4
17.Rb1xb7 Nd3e5
18.Qe2xc4 Ne5xc4
19.Ng1e2 Be7h4
20.Rb7b5 Qd8d1

0-1

[Event "Match"]
[Site "www.echecsemail.com"]
[Date "2018.10.01"]
[Round "1"]
[White "Ztornad"]
[Black "Darknight"]
[WhiteElo "1720"]
[BlackElo "1940"]
[Result "1-0"]
[Round "1"]
1.b3 e5
2.a4 d5
3.Ng1f3 e4
4.Nf3d4 Qd8f6
5.e3 a6
6.c3 c5
7.Nd4e2 h6
8.Ne2f4 Bc8e6
9.Nf4xe6 Qf6xe6
10.c4 Qe6e5
11.Ra1a2 dxc4
12.Bf1xc4 Ng8f6
13.Bc1b2 Qe5d6
14.Bb2xf6 Qd6xf6
15.Qd1g4 Nb8d7
16.Qg4xe4 Bf8e7
17.Qe4xb7 Ra8d8
18.Qb7xa6 Qf6f5
19.O-O g5
20.f4 g4
21.Bc4d3 Qf5h5
22.g3 Qh5h3
23.Rf1f2 Qh3h5
24.Qa6c6 Kf8
25.Nb1c3 f5
26.Nc3d5 Qh5f7
27.Nd5xe7 Kxe7
28.Bd3c4 Qf7f6
29.Qc6d5 h5
30.Rf2e2 Kf8
31.a5 Kg7
32.Bc4b5 Nd7b6
33.Qd5b7 Nb6d7
34.Bb5xd7 Qf6f7
35.Bd7c6 Qf7xb7
36.Bc6xb7 Rd8b8
37.Bb7d5 Rb8d8
38.Bd5c4 Rd8a8
39.Bc4d5 Ra8a7
40.e4 fxe4
41.Re2xe4 h4
42.f5 hxg3
43.Re4xg4 Kf6
44.Rg4xg3 Kxf5
45.Bd5c4 Ra7h7
46.Bc4d3 Kf4
47.Bd3xh7 Rh8xh7
48.a6 Rh7a7
49.Ra2a4 Ke5
50.Rg3g4 Kd5
51.Rg4g6 Ke5
52.h4 Kd5
53.h5 Ke5
54.h6 Kf5
55.Rg6g7 Ra7a8
56.h7 Ra8h8
57.a7 Kf6
58.Rg7g8 Rh8xh7
59.a8Q Rh7g7
60.Rg8xg7 Kxg7
61.Ra4a6 Kh7
62.Qa8b7 { resign }
1-0

[Event "Tourn. n9943"]
[Site "www.echecsemail.com"]
[Date "2018.10.01"]
[Round "1"]
[White "Abuelo"]
[Black "Osopanda"]
[WhiteElo "2060"]
[BlackElo "1860"]
[Result "0-1"]
[Round "1"]
1.e4 e5
2.Bf1c4 c6
3.Qd1f3 d5
4.exd5 Ng8f6
5.dxc6 Nb8xc6
6.Bc4b5 e4
7.Bb5xc6 bxc6
8.Qf3c3 Qd8c7
9.d3 { time. }
0-1

[Event "Tourn. n9899"]
[Site "www.echecsemail.com"]
[Date "2018.10.01"]
[Round "1"]
[White "Fabos12"]
[Black "Falcoale"]
[WhiteElo "1960"]
[BlackElo "1930"]
[Result "1-0"]
[Round "1"]
1.d4 Ng8f6
2.Ng1f3 e6
3.c4 b6
4.d5 exd5
5.Nb1c3 Bc8b7
6.cxd5 Bf8b4
7.Bc1g5 d6
8.Ra1c1 Nb8d7
9.a3 O-O
10.axb4 h6
11.Bg5h4 Qd8e8
12.h3 Bb7a6
13.b5 Ba6b7
14.Bh4xf6 Nd7xf6
15.e3 Ra8c8
16.b4 Qe8d7
17.Bf1c4 Rf8e8
18.Nf3d4 Nf6e4
19.Nc3xe4 Re8xe4
20.Nd4c6 Bb7xc6
21.bxc6 Qd7e7
22.Qd1d3 Rc8b8
23.b5  { time }
1-0

[Event "Tourn. n9932"]
[Site "www.echecsemail.com"]
[Date "2018.10.01"]
[Round "1"]
[White "Falcoale"]
[Black "J1j6"]
[WhiteElo "1930"]
[BlackElo "1870"]
[Result "0-1"]
[Round "1"]
1.e4 c5
2.Ng1f3 Nb8c6
3.d4 cxd4
4.Nf3xd4 Nc6xd4
5.Qd1xd4 e6
6.Nb1c3 Qd8f6
7.Qd4d3 Bf8c5
8.Bc1e3 Bc5xe3
9.Qd3xe3 Ng8e7
10.O-O-O O-O
11.Bf1d3 a6
12.f4 Ne7g6
13.g4 Qf6xf4
14.Qe3xf4 Ng6xf4
15.Bd3c4 b5
16.Bc4b3 Bc8b7
17.Rd1xd7 Bb7c6
18.Rd7c7 Ra8c8
19.Rc7xc8 Rf8xc8
20.Rh1f1 Nf4g6
 { time }
0-1

[Event "Match"]
[Site "www.echecsemail.com"]
[Date "2018.10.01"]
[Round "1"]
[White "Chapi"]
[Black "Apdash"]
[WhiteElo "2120"]
[BlackElo "2160"]
[Result "0-1"]
[Round "1"]
1.d4 d5
2.c4 c6
3.cxd5 cxd5
4.Nb1c3 e6
5.e4 dxe4
6.Nc3xe4 Nb8c6
7.Bf1b5 Qd8a5
8.Ne4c3 Bf8b4
9.Ng1e2 Qa5xb5
10.O-O Qb5h5
11.Bc1f4 Ng8e7
12.Ne2g3 Qh5xd1
13.Ra1xd1 Bb4xc3
14.bxc3 O-O
15.c4 Ne7g6
16.Bf4d6 Rf8e8
17.Ng3e4 b6
18.Rd1d3 Bc8a6
19.Ne4d2 Ra8d8
20.Nd2e4 Ba6xc4
21.Rd3c3 Bc4xf1
22.Rc3xc6 Bf1b5
23.Rc6c7 Rd8d7
{ resign }
0-1

[Event "Tourn. n9930"]
[Site "www.echecsemail.com"]
[Date "2018.10.01"]
[Round "1"]
[White "Fabos12"]
[Black "Madz123456"]
[WhiteElo "1930"]
[BlackElo "1850"]
[Result "1-0"]
[Round "1"]
1.d4 Ng8f6
2.Ng1f3 c6
3.c4 d5
4.cxd5 cxd5
5.Nb1c3 Nb8c6
6.Bc1f4 a6
7.e3 Bc8f5
8.a3 e6
9.h3 Bf8d6
10.Bf4xd6  { time }
1-0

[Event "Tourn. n9878"]
[Site "www.echecsemail.com"]
[Date "2018.10.01"]
[Round "1"]
[White "Falcoale"]
[Black "Passaroa25"]
[WhiteElo "1870"]
[BlackElo "1680"]
[Result "0-1"]
[Round "1"]
1.e4 Nb8c6
2.d4 d6
3.Ng1f3 h6
4.Bc1e3 Bc8d7
5.Bf1c4 e6
6.O-O Ng8f6
7.Nb1c3 a6
8.a3 Bf8e7
9.h3 O-O
10.Nf3h2 h5
11.Be3g5 g6
12.f4 Nf6h7
13.Bg5h6 Rf8e8
14.Nh2f3 Be7f6
15.e5 Bf6g7
16.Bh6xg7 Kxg7
17.Bc4e2 Ra8b8
18.Nf3g5 Nh7xg5
19.fxg5 Qd8xg5
20.Nc3e4 Qg5e3
21.Kh1 Qe3xe4
22.Be2f3 Qe4xd4
23.exd6 Qd4xd6
24.Qd1e1 f5
25.Ra1d1 Qd6e7
26.Qe1g3 Nc6e5
27.Qg3xe5 Qe7f6
28.Qe5xf6 Kxf6
29.Rd1xd7 c6
30.g4 Re8e7
31.Rd7xe7 Kxe7
32.gxh5 g5
33.Kh2 f4
 { time }
0-1

[Event "Tourn. n9944"]
[Site "www.echecsemail.com"]
[Date "2018.10.01"]
[Round "1"]
[White "Ejner"]
[Black "Coolant"]
[WhiteElo "2430"]
[BlackElo "2310"]
[Result "1-0"]
[Round "1"]
1.d4 Ng8f6
2.Bc1g5 c5
3.Bg5xf6 gxf6
4.d5 Qd8b6
5.Qd1c1 Bf8h6
6.e3 d6
7.c4 Nb8d7
8.Nb1c3 Rh8g8
9.Ng1f3 Nd7e5
10.Nf3xe5 fxe5
11.g3 Bc8f5
12.Qc1d2 Qb6b4
13.Bf1d3 Bf5g6
14.h4 O-O-O
15.h5 Bg6xd3
16.Qd2xd3 Qb4xb2
17.O-O Rg8g5
18.Nc3e4 f5
19.Ne4xg5 e4
20.Ng5xe4 { resign }
1-0

[Event "Match"]
[Site "www.echecsemail.com"]
[Date "2018.10.01"]
[Round "1"]
[White "J1j6"]
[Black "Biggles"]
[WhiteElo "2000"]
[BlackElo "2070"]
[Result "0-1"]
[Round "1"]
1.d4 d5
2.c4 Ng8f6
3.Nb1c3 e6
4.Bc1f4 Bf8e7
5.c5 O-O
6.Ng1f3 b6
7.cxb6 axb6
8.Nc3b5 e5
9.dxe5 Nf6e4
10.Qd1c2 c5
11.e3 Bc8d7
12.Qc2b3 Bd7xb5
 { time }
0-1

[Event "Tourn. n9924"]
[Site "www.echecsemail.com"]
[Date "2018.10.01"]
[Round "1"]
[White "Apdash"]
[Black "Louis"]
[WhiteElo "2170"]
[BlackElo "2020"]
[Result "0-1"]
[Round "1"]
1.e4 c5
2.Ng1f3 d6
3.d4 cxd4
4.Nf3xd4 Ng8f6
5.Nb1c3 a6
6.Bf1c4 e6
7.Bc1g5 Bf8e7
8.O-O O-O
9.Qd1e2 Nf6xe4
10.Nc3xe4 Be7xg5
11.Qe2h5 Bg5f4
12.Bc4d3 g6
13.Qh5f3 Bf4e5
14.Qf3e3 Be5g7
15.c3 Nb8c6
16.Nd4b3 e5
17.Ra1d1 d5
18.Bd3c2 f5
19.Ne4c5 b6
20.Nc5d3 Rf8e8
21.f3 Kh8
22.a3 Bg7f6
23.Nd3b4 Nc6xb4
24.axb4 b5
25.Nb3a5 Qd8d6
26.Qe3c5 Re8d8
27.Rf1f2 Rd8d7
28.Rf2d2 Qd6xc5
29.bxc5 d4
30.cxd4 Bf6g5
31.Rd2d3 exd4
32.Kf1 Bg5e3
33.b4 Rd7c7
34.Bc2b3 Kg7
35.Bb3d5 Ra8a7
36.Na5b3 h5
37.Nb3xd4 Be3xd4
38.Rd3xd4 a5
39.c6 a4
40.f4 h4
41.Kf2 a3
42.Rd1a1 Kf6
43.g3 hxg3
44.hxg3 Bc8e6
45.Bd5xe6 Kxe6
46.Ra1e1 Kf7
47.Re1a1 Rc7xc6
48.Rd4d3 Rc6c2
49.Kf3 a2
50.Rd3d5 Ra7a3
{ resign }
0-1

[Event "Match"]
[Site "www.echecsemail.com"]
[Date "2018.10.01"]
[Round "1"]
[White "Aiko1603"]
[Black "Trisomie73"]
[WhiteElo "2120"]
[BlackElo "1809"]
[Result "1-0"]
[Round "1"]
1.c4 c5
2.Nb1c3 g6
3.g3 Bf8g7
4.Bf1g2 Nb8c6
5.d3 e6
6.Ng1f3 Ng8e7
7.O-O O-O
8.Bc1g5 h6
9.Bg5f4 d5
10.cxd5 exd5
11.a3 Bc8e6
12.Qd1d2 g5
13.Bf4xg5 hxg5
14.Qd2xg5 Qd8d7
15.h4 Nc6d4
16.h5 f6
17.Qg5d2  { time }
1-0

[Event "Match"]
[Site "www.echecsemail.com"]
[Date "2018.10.01"]
[Round "1"]
[White "Biohazard"]
[Black "Darko10"]
[WhiteElo "2820"]
[BlackElo "2850"]
[Result "1/2-1/2"]
[Round "1"]
1.b3 e5
2.Bc1b2 Nb8c6
3.e3 g6
4.Ng1f3 Bf8g7
5.c4 d6
6.d4 e4
7.Nf3d2 f5
8.Nb1c3 Ng8f6
9.Bf1e2 O-O
10.O-O a6
11.Ra1c1 Bc8d7
12.Qd1c2 Nc6b4
13.Qc2b1 Qd8e8
14.a3 Nb4c6
15.Rc1e1 Nc6e7
16.d5 b5
17.Qb1c1 Qe8b8
18.Qc1c2 Qb8e8
19.Nc3a2 Ra8b8
20.Na2c3 bxc4
21.bxc4 c5
22.Re1b1 Qe8d8
23.Bb2a1 Qd8c7
24.Rb1xb8 Rf8xb8
25.Rf1b1 Ne7c8
26.Rb1xb8 Qc7xb8
27.h3 Nc8b6
28.Be2d1 Nf6e8
29.Qc2b1 { draw }
1/2-1/2

[Event "Tourn. n9949"]
[Site "www.echecsemail.com"]
[Date "2018.10.01"]
[Round "1"]
[White "Panham"]
[Black "J1j6"]
[WhiteElo "2170"]
[BlackElo "2050"]
[Result "1-0"]
[Round "1"]
1.e4 c5
2.d4 cxd4
3.c3 dxc3
4.Nb1xc3 e5
5.Ng1f3 Nb8c6
6.Bf1c4 h6
7.Qd1d5 Qd8e7
8.O-O Ng8f6
9.Qd5d3 Nc6a5
10.Bc4d5  { time }
1-0

[Event "Tourn. n9946"]
[Site "www.echecsemail.com"]
[Date "2018.10.01"]
[Round "1"]
[White "Libiesse"]
[Black "J1j6"]
[WhiteElo "1920"]
[BlackElo "2050"]
[Result "1-0"]
[Round "1"]
1.d4 Ng8f6
2.c4 d5
3.Ng1f3 b6
4.cxd5 Nf6xd5
5.e4 Nd5f6
6.Nb1c3 Bc8b7
7.Bf1b5 Nb8d7
8.Qd1e2 a6
9.Bb5d3  { time }
1-0